ASSESSMENT ON THE IMPACT OF DISTRIBUTION CHANNELS ON PERFORMANCE OF ORGANISATIONS (Record no. 217045)

MARC details
000 -LEADER
fixed length control field 00481nam a22001457a 4500
008 - FIXED-LENGTH DATA ELEMENTS--GENERAL INFORMATION
fixed length control field 260422b |||||||| |||| 00| 0 eng d
050 ## - LIBRARY OF CONGRESS CALL NUMBER
Classification number RES HF 5415.129 .N93 2017
Item number C. 1
100 ## - MAIN ENTRY--PERSONAL NAME
Personal name NYANGAU JUDITH KENGAYA
245 ## - TITLE STATEMENT
Title ASSESSMENT ON THE IMPACT OF DISTRIBUTION CHANNELS ON PERFORMANCE OF ORGANISATIONS
Remainder of title A CASE OF NYAMACHE TEA FACTORY
260 ## - PUBLICATION, DISTRIBUTION, ETC.
Place of publication, distribution, etc. KISII
Name of publisher, distributor, etc. KSU
Date of publication, distribution, etc. 2017
300 ## - PHYSICAL DESCRIPTION
Extent iX, 26P., ILL.
500 ## - GENERAL NOTE
General note INCLUDES REFERENCES
942 ## - ADDED ENTRY ELEMENTS (KOHA)
Source of classification or shelving scheme Library of Congress Classification
Koha item type Reference
Holdings
Withdrawn status Lost status Source of classification or shelving scheme Damaged status Not for loan Collection Home library Current library Shelving location Date acquired Inventory number Total checkouts Full call number Barcode Date last seen Copy number Price effective from Koha item type
    Library of Congress Classification Damaged   Reference Kisii University Library Kisii University Library On Display 04/22/2026 095230   RES HF 5415.12 .N93 2017 005269 04/22/2026 C.1 04/22/2026 Reference